|
|
|
|
| LEADER |
01136nam a2200241 a 4500 |
| 001 |
11820857 |
| 008 |
100121s1998 pk a f001 0 eng d |
| 010 |
|
|
|a \\\98930541
|
| 040 |
|
|
|a DLC
|c DLC
|d DLC
|d BD-DhAAL
|
| 082 |
0 |
0 |
|a 333.7/2/095491
|2 21
|
| 245 |
0 |
4 |
|a The Pakistan national conservation strategy :
|b where we are, where we should be, and how to get there.
|
| 260 |
|
|
|a Islamabad :
|b Environment and Urban Affairs Division, Govt. of Pakistan :
|b The World Conservation Union,
|c [1998?]
|
| 300 |
|
|
|a xxxviii, 378 p. :
|b ill. ;
|c 28 cm.
|
| 504 |
|
|
|a Includes index.
|
| 541 |
1 |
|
|e 00006345
|
| 650 |
|
0 |
|a Environmental management
|z Pakistan
|x Planning.
|
| 650 |
|
0 |
|a Environmental policy
|z Pakistan.
|
| 650 |
|
0 |
|a Conservation of natural resources
|z Pakistan
|x Planning.
|
| 710 |
1 |
|
|a Pakistan.
|b Environment and Urban Affairs Division.
|
| 710 |
2 |
|
|a International Union for Conservation of Nature and Natural Resources.
|
| 852 |
4 |
|
|a Ayesha Abed Library
|j General shelf
|
| 999 |
|
|
|c 7119
|d 7119
|
| 952 |
|
|
|0 0
|1 0
|2 ddc
|4 0
|6 333_720954910000000_PAK_1998
|7 0
|9 7393
|a BRACUL
|b BRACUL
|c GEN
|d 2010-01-24
|l 0
|o 333.72095491 PAK
|p 3010006345
|r 2010-01-24
|t 1
|w 2010-01-24
|y BK
|